00492nam a2200193 a 4500001001300000003000900013005001700022008004100039020001000080082001700090100001500107245003900122260004800161300000800209500003500217505001000252650002100262700001500283nice12345678IN_TiNIC20260116013922.0050524s1996 dela grp 000 0 eng  ac10000a297.175bVAH aVahab, A A aIntroduction to Islamic Psychology aDelhibInstitute of Objective Studiesc1996 a94p aincludes index and biblioraphy2 aIndex aIslam-Psychology1 aVahab, A A